000 00874nam a22002297a 4500
008 240605b mp ||||| |||| 00| 0 mon d
020 _a978-99973-1-870-1
035 _a29908
040 _aHE0623081
_bmon
_cMN-UlNLM
_dMN-UlNLM
_erda
041 _amon
042 _a70735
084 _2NNA
_a92
_bМ.695
245 0 _aМэргэжил
264 _aУБ.
_bМонсудар ХГ
_c2020
300 _a320х.
336 _2rdacontent
_atext
_btxt
337 _2rdamedia
_aunmediated
_bn
338 _2rdacarrier
_avolume
_bnc
650 _aДэлхий дүүрэн боломж Гэхдээ хаанаас эхлэх вэ? Надад ямар мэргэжил тохирох вэ? Надад ямар ур чадвар хэрэгтэй вэ? Би хүссэн сал...
942 _2NNA
_cBK
999 _c895519
_d895576